Coordinator support in a nemawashi decision process.
Zvláštne podmienky a požiadavky na podporu rozhodovania v Japonsku. Prezentácia veľmi flexibilného matematického modelu, vhodného pre isté úlohy pri tomto druhu rozhodovania. Vhodné vlastnosti modelu a jeho využiteľnosť v japonských organizáciách.
Guardado en:
| Autor principal: | |
|---|---|
| Otros Autores: | , |
| Formato: | Capítulo de libro |
| Lenguaje: | inglés |
| Materias: | |
| Etiquetas: |
Sin Etiquetas, Sea el primero en etiquetar este registro!
|
MARC
| LEADER | 00000naa a2200000 4500 | ||
|---|---|---|---|
| 001 | r009982 | ||
| 005 | 20221130112657.4 | ||
| 041 | 0 | |a eng | |
| 044 | |a NL | ||
| 245 | 1 | 0 | |a Coordinator support in a nemawashi decision process. |c K. Watabe, C.W. Holsapple, A.B. Whinston |
| 520 | |a Zvláštne podmienky a požiadavky na podporu rozhodovania v Japonsku. Prezentácia veľmi flexibilného matematického modelu, vhodného pre isté úlohy pri tomto druhu rozhodovania. Vhodné vlastnosti modelu a jeho využiteľnosť v japonských organizáciách. | ||
| 610 | 2 | 0 | |a rozhodovanie |
| 610 | 2 | 0 | |a Japonsko |
| 610 | 2 | 0 | |a modely matematické |
| 610 | 2 | 0 | |a firmy |
| 610 | 2 | 0 | |a nemawashi |
| 610 | 2 | 0 | |a DSS |
| 100 | 1 | |a Watabe, K. | |
| 700 | 1 | |a Holsapple, C.W. | |
| 700 | 1 | |a Whinston, A.B. | |